000 00610nam a2200229Ia 4500
003 OSt
005 20220918203522.0
006 a|||||r|||| 00| 0
007 ta
008 220917b |||||||| |||| 00| 0 eng d
024 _a108,746
037 _cTextual
040 _aARTS
_cARTS
_beng
041 _2eng
_aeng
082 _aV4:1:N5, J62;1-;3 (TTW)
100 _aVinacke Harold M
_9108935
245 0 _aFar Eastern politics in the postwar period
260 _c1956
650 _aHISTORY
942 _hV4:1:N5, J62;1-;3 (TTW)
_cTEXL
_2CC
999 _c232100
_d232100